000
00156nam a22000857a 4500
082
_a
823
100
_a
SUDIP N
245
_a
THE BRAVE LITTLE TAILOR
942
_c
BK
999
_c
8241
_d
8241